Mumbai Local Train - Central Line - Statistics

General Stats
  • This quiz has been taken 78 times
  • The average score is 27 of 47
Answer Stats
Answer % Correct
Dadar
100%
Thane
97%
Kalyan
95%
Ghatkopar
92%
Kurla
90%
Mulund
90%
Matunga
85%
Sion
85%
Kanjurmarg
82%
Masjid
82%
Vikhroli
82%
Dombivli
79%
Diva
77%
Parel
77%
Bhandup
74%
Mumbra
74%
Nahur
72%
Ulhasnagar
72%
Vidya Vihar
72%
Kasara
69%
Sandhurst Road
69%
Badlapur
67%
Byculla
67%
Karjat
67%
Kalwa
64%
Chinchpokli
59%
Khopoli
56%
Thakurli
56%
Chhatrapati Shivaji Maharaj Terminus
51%
Currey Road
51%
Titwala
51%
Asangaon
46%
Ambarnath
44%
Neral
41%
Vitthalwadi
38%
Shahad
31%
Ambivli
23%
Vangani
18%
Bhivpuri
15%
Khardi
15%
Lowjee
15%
Shelu
15%
Palasdari
13%
Vashind
13%
Dolavli
10%
Kelavli
10%
Khadavali
10%
No matching quizzes found
Score Distribution
Percent of People with Each Score
Percentile by Number Answered
Your Score History
You have not taken this quiz